[Event "I mi?dzynarodowy turniej szachowy"]
[Site "Jastrzebie-Zdroj"]
[Date "2018.08.23"]
[Round "7.8"]
[White "Berlin, Tatiana"]
[Black "Cudnik, Andrzej"]
[Result "1-0"]
[BlackElo "2013"]
[WhiteElo "2138"]
[LiveChessVersion "1.4.8"]

1. e4 {[%clk 1:30:26]} c5 {[%clk 1:30:44]} 2. Nc3 {[%clk 1:29:38]} d6
{[%clk 1:30:07]} 3. f4 {[%clk 1:29:40]} a6 {[%clk 1:29:55]} 4. Nf3
{[%clk 1:29:54]} Bg4 {[%clk 1:29:59]} 5. Bc4 {[%clk 1:29:45]} e6 {[%clk 1:29:41]}
6. h3 {[%clk 1:29:40]} Bxf3 7. Qxf3 Nc6 {[%clk 1:28:46]} 8. d3 {[%clk 1:25:56]}
Nd4 {[%clk 1:20:14]} 9. Qf2 {[%clk 1:25:58]} Nf6 {[%clk 1:19:28]} 10. O-O
{[%clk 1:24:18]} Be7 {[%clk 1:15:35]} 11. Bb3 {[%clk 1:18:26]} Qc7
{[%clk 1:06:41]} 12. f5 {[%clk 1:17:36]} O-O-O {[%clk 1:00:19]} 13. Bf4
{[%clk 1:04:16]} h6 {[%clk 0:58:05]} 14. Rae1 {[%clk 1:02:15]} e5
{[%clk 0:48:19]} 15. Be3 {[%clk 1:02:10]} Rhf8 {[%clk 0:44:29]} 16. Bc4
{[%clk 0:58:27]} Kb8 {[%clk 0:41:43]} 17. Nd5 {[%clk 0:57:09]} Nxd5
{[%clk 0:41:17]} 18. Bxd5 {[%clk 0:57:36]} Bg5 {[%clk 0:40:00]} 19. Bxg5
{[%clk 0:56:32]} hxg5 {[%clk 0:40:23]} 20. c3 {[%clk 0:56:54]} Nc6
{[%clk 0:39:45]} 21. f6 {[%clk 0:56:14]} g6 {[%clk 0:36:32]} 22. Qg3
{[%clk 0:55:44]} Rh8 {[%clk 0:36:54]} 23. Qxg5 {[%clk 0:55:50]} Rh5
{[%clk 0:37:06]} 24. Qd2 {[%clk 0:54:13]} Rdh8 {[%clk 0:36:58]} 25. Rf3
{[%clk 0:54:28]} Nd8 {[%clk 0:35:26]} 26. Qf2 {[%clk 0:49:56]} Qd7
{[%clk 0:32:50]} 27. d4 {[%clk 0:49:13]} exd4 {[%clk 0:25:15]} 28. cxd4
{[%clk 0:49:15]} cxd4 {[%clk 0:20:59]} 29. Qxd4 {[%clk 0:49:08]} Nc6
{[%clk 0:20:30]} 30. Qb6 {[%clk 0:48:25]} Re8 {[%clk 0:18:04]} 31. Rc1
{[%clk 0:47:54]} Na7 {[%clk 0:08:58]} 32. Rb3 {[%clk 0:45:15]} Rxd5
{[%clk 0:08:13]} 33. exd5 {[%clk 0:45:26]} Nc8 {[%clk 0:08:16]} 34. Qxa6
{[%clk 0:45:22]} Re3 {[%clk 0:06:57]} 35. Rxc8+ {[%clk 0:43:19]} 1-0

[Event "I mi?dzynarodowy turniej szachowy"]
[Site "Jastrzebie-Zdroj"]
[Date "2018.08.23"]
[Round "7.9"]
[White "Sieber, Martin"]
[Black "Kraus, Frantisek"]
[Result "1/2-1/2"]
[BlackElo "1972"]
[WhiteElo "2110"]
[LiveChessVersion "1.4.8"]

1. d4 {[%clk 1:30:57]} Nf6 {[%clk 1:30:52]} 2. Bf4 {[%clk 1:31:11]} g6
{[%clk 1:31:02]} 3. Nf3 {[%clk 1:30:30]} Bg7 {[%clk 1:31:18]} 4. c4
{[%clk 1:30:39]} O-O {[%clk 1:29:32]} 5. Nc3 {[%clk 1:31:02]} d5 {[%clk 1:24:02]}
6. e3 {[%clk 1:30:47]} c5 {[%clk 1:17:42]} 7. Be2 {[%clk 1:29:05]} cxd4
{[%clk 1:18:04]} 8. exd4 {[%clk 1:27:54]} Nc6 {[%clk 1:17:23]} 9. O-O
{[%clk 1:27:46]} Qa5 {[%clk 1:05:01]} 10. a3 {[%clk 1:24:56]} dxc4
{[%clk 1:01:46]} 11. Bxc4 {[%clk 1:24:53]} Rd8 {[%clk 0:49:35]} 12. Nb5
{[%clk 1:23:32]} Ne8 {[%clk 0:49:50]} 13. Qb3 {[%clk 1:11:00]} e6
{[%clk 0:49:28]} 14. d5 {[%clk 1:06:02]} exd5 {[%clk 0:44:37]} 15. Bxd5
{[%clk 1:06:24]} Rxd5 {[%clk 0:44:53]} 16. Qxd5 {[%clk 1:06:48]} Be6
{[%clk 0:44:44]} 17. Qd3 {[%clk 1:06:13]} Bxb2 {[%clk 0:44:41]} 18. Rad1
{[%clk 1:04:53]} Qa4 {[%clk 0:39:26]} 19. Qb1 {[%clk 0:26:31]} Qxb5
{[%clk 0:36:01]} 20. Rd2 {[%clk 0:20:16]} Qc4 {[%clk 0:34:22]} 21. Qxb2
{[%clk 0:19:27]} Qxf4 {[%clk 0:34:36]} 22. Qxb7 {[%clk 0:19:45]} Rc8
{[%clk 0:34:28]} 23. Re1 {[%clk 0:17:56]} Qc7 {[%clk 0:34:17]} 24. Qa6
{[%clk 0:15:45]} Qb6 {[%clk 0:33:51]} 25. Qxb6 {[%clk 0:15:06]} axb6
{[%clk 0:34:20]} 26. Rb2 {[%clk 0:15:24]} Rb8 {[%clk 0:34:18]} 27. Reb1
{[%clk 0:14:40]} Bf5 {[%clk 0:34:17]} 28. Rc1 {[%clk 0:15:05]} Ne7
{[%clk 0:32:54]} 29. Nd4 {[%clk 0:14:24]} Be6 {[%clk 0:28:46]} 30. Re2
{[%clk 0:13:25]} Ra8 {[%clk 0:27:16]} 31. Nxe6 {[%clk 0:12:52]} fxe6
{[%clk 0:27:44]} 32. Rxe6 {[%clk 0:13:10]} Kf7 {[%clk 0:28:13]} 33. Rxb6
{[%clk 0:13:00]} Rxa3 {[%clk 0:28:41]} 1/2-1/2

[Event "I mi?dzynarodowy turniej szachowy"]
[Site "Jastrzebie-Zdroj"]
[Date "2018.08.23"]
[Round "7.10"]
[White "Marcinowski, Zbigniew"]
[Black "Wiecek, Pawel"]
[Result "0-1"]
[BlackElo "1910"]
[WhiteElo "2058"]
[LiveChessVersion "1.4.8"]

1. e4 {[%clk 1:30:07]} e5 {[%clk 1:28:47]} 2. Nf3 {[%clk 1:30:27]} Nc6
{[%clk 1:28:57]} 3. Bb5 {[%clk 1:30:46]} Bc5 {[%clk 1:29:14]} 4. O-O
{[%clk 1:30:59]} Nd4 {[%clk 1:29:35]} 5. Ba4 {[%clk 1:30:00]} Nxf3+
{[%clk 1:19:12]} 6. Qxf3 {[%clk 1:30:15]} Nf6 {[%clk 1:19:23]} 7. c3
{[%clk 1:29:27]} O-O {[%clk 1:19:05]} 8. b4 {[%clk 1:28:42]} Bb6 {[%clk 1:18:55]}
9. d3 {[%clk 1:27:17]} h6 {[%clk 1:19:13]} 10. h3 {[%clk 1:24:01]} c6
{[%clk 1:11:01]} 11. Nd2 {[%clk 1:23:15]} d5 {[%clk 1:05:19]} 12. Bc2
{[%clk 1:18:00]} Nh7 {[%clk 1:01:22]} 13. a4 {[%clk 1:14:42]} Qh4
{[%clk 0:58:44]} 14. Kh2 {[%clk 1:07:37]} f5 {[%clk 0:50:42]} 15. exd5
{[%clk 0:53:42]} Bc7 {[%clk 0:23:15]} 16. d6 {[%clk 0:41:18]} Bxd6
{[%clk 0:23:24]} 17. Qg3 {[%clk 0:14:21]} Qf6 {[%clk 0:23:35]} 18. Nc4
{[%clk 0:12:32]} f4 {[%clk 0:23:25]} 19. Qf3 {[%clk 0:12:22]} Ng5
{[%clk 0:23:25]} 20. Qh5 {[%clk 0:12:08]} Bc7 {[%clk 0:17:38]} 21. Bb3
{[%clk 0:07:02]} Kh7 {[%clk 0:17:46]} 22. Kh1 {[%clk 0:04:33]} g6
{[%clk 0:16:05]} 23. Qh4 {[%clk 0:04:06]} b5 {[%clk 0:13:45]} 24. Nd2
{[%clk 0:03:31]} Qf5 {[%clk 0:13:28]} 25. Bc2 {[%clk 0:03:19]} Bd8
{[%clk 0:11:15]} 26. Qg4 {[%clk 0:02:05]} Qf6 {[%clk 0:11:34]} 27. Qd1
{[%clk 0:01:59]} f3 {[%clk 0:09:06]} 28. Nxf3 {[%clk 0:02:24]} Nxf3
{[%clk 0:09:30]} 29. Qxf3 {[%clk 0:02:50]} Qxf3 30. gxf3 {[%clk 0:03:15]} Bxh3
{[%clk 0:09:34]} 31. Rg1 {[%clk 0:03:24]} Rxf3 {[%clk 0:07:14]} 32. Rg3
{[%clk 0:02:08]} Rxg3 {[%clk 0:07:35]} 33. fxg3 {[%clk 0:02:34]} Bb6
{[%clk 0:06:26]} 34. c4 {[%clk 0:01:24]} Bd4 {[%clk 0:06:44]} 35. Ra2
{[%clk 0:01:40]} bxc4 {[%clk 0:06:38]} 36. dxc4 {[%clk 0:01:43]} Rf8
{[%clk 0:07:03]} 37. Be4 {[%clk 0:00:52]} Rf1+ {[%clk 0:06:55]} 38. Kh2
{[%clk 0:01:17]} Rxc1 {[%clk 0:05:25]} 39. Kxh3 {[%clk 0:01:44]} Rxc4
{[%clk 0:05:42]} 40. Rc2 {[%clk 0:01:25]} Rxc2 {[%clk 0:05:53]} 41. Bxc2
{[%clk 0:01:38]} Bc3 {[%clk 0:06:07]} 42. b5 {[%clk 0:01:39]} cxb5
{[%clk 0:06:31]} 43. axb5 {[%clk 0:02:06]} Kg7 {[%clk 0:05:26]} 44. Kg4
{[%clk 0:01:32]} Kf6 {[%clk 0:05:19]} 45. Be4 {[%clk 0:01:24]} h5+
{[%clk 0:05:43]} 46. Kh3 {[%clk 0:01:19]} g5 {[%clk 0:05:25]} 47. Bd3
{[%clk 0:01:01]} Bd2 {[%clk 0:04:33]} 48. Be2 {[%clk 0:01:17]} g4+
{[%clk 0:04:51]} 49. Kg2 {[%clk 0:01:35]} Kg5 {[%clk 0:05:02]} 50. Bd3
{[%clk 0:01:47]} h4 {[%clk 0:05:08]} 51. gxh4+ {[%clk 0:02:12]} Kxh4
{[%clk 0:05:31]} 52. Be4 {[%clk 0:02:16]} Kg5 {[%clk 0:05:42]} 53. Kf2
{[%clk 0:02:33]} Kf4 {[%clk 0:06:06]} 54. Bg2 {[%clk 0:02:59]} e4
{[%clk 0:06:16]} 55. Bf1 {[%clk 0:03:10]} Ba5 {[%clk 0:06:25]} 56. Bg2
{[%clk 0:02:58]} Bc7 {[%clk 0:06:45]} 57. Bf1 {[%clk 0:03:05]} Bb6+
{[%clk 0:05:58]} 58. Kg2 {[%clk 0:03:12]} Ke3 {[%clk 0:06:13]} 59. Kg3
{[%clk 0:03:34]} Kd2 {[%clk 0:06:36]} 60. Kxg4 {[%clk 0:03:49]} Ke1
{[%clk 0:06:07]} 0-1

[Event "I mi?dzynarodowy turniej szachowy"]
[Site "Jastrzebie-Zdroj"]
[Date "2018.08.23"]
[Round "7.11"]
[White "Marcinowski, Marek"]
[Black "Durica, Adam"]
[Result "1-0"]
[BlackElo "2040"]
[WhiteElo "1875"]
[LiveChessVersion "1.4.8"]

1. d4 {[%clk 1:30:59]} Nf6 {[%clk 1:30:51]} 2. Nf3 {[%clk 1:31:27]} g6
{[%clk 1:31:12]} 3. Bf4 {[%clk 1:31:49]} Bg7 {[%clk 1:31:37]} 4. e3
{[%clk 1:31:47]} O-O {[%clk 1:31:41]} 5. Be2 {[%clk 1:32:12]} b6 {[%clk 1:32:00]}
6. Nbd2 {[%clk 1:31:24]} Bb7 {[%clk 1:32:14]} 7. O-O {[%clk 1:29:52]} d6
{[%clk 1:31:17]} 8. c4 {[%clk 1:29:00]} c5 {[%clk 1:31:12]} 9. Qc2
{[%clk 1:27:26]} h6 {[%clk 1:27:13]} 10. d5 {[%clk 1:23:52]} Nh5 {[%clk 1:26:33]}
11. Rfe1 {[%clk 1:23:12]} Bc8 {[%clk 1:23:53]} 12. Rad1 {[%clk 1:16:51]} Nd7
{[%clk 1:21:45]} 13. Ne4 {[%clk 1:10:09]} f5 {[%clk 1:17:38]} 14. Ng3
{[%clk 1:05:18]} Ndf6 {[%clk 1:14:49]} 15. h3 {[%clk 0:57:57]} a6
{[%clk 1:13:25]} 16. Nxh5 {[%clk 0:58:16]} Nxh5 {[%clk 1:13:45]} 17. Bh2
{[%clk 0:58:14]} Nf6 {[%clk 1:05:45]} 18. Nh4 {[%clk 0:56:58]} Qe8
{[%clk 1:06:05]} 19. g4 {[%clk 0:45:14]} Ne4 {[%clk 1:05:41]} 20. f4
{[%clk 0:40:04]} Bf6 {[%clk 0:47:52]} 21. Ng2 {[%clk 0:38:28]} h5
{[%clk 0:45:35]} 22. g5 {[%clk 0:37:54]} Bg7 {[%clk 0:41:56]} 23. Nh4
{[%clk 0:38:07]} b5 {[%clk 0:42:20]} 24. Bd3 {[%clk 0:35:34]} bxc4
{[%clk 0:42:44]} 25. Bxe4 {[%clk 0:35:55]} fxe4 {[%clk 0:42:59]} 26. Qxe4
{[%clk 0:36:17]} Kh7 {[%clk 0:43:24]} 27. Kg2 Bxb2 {[%clk 0:42:47]} 28. Qxc4
{[%clk 0:33:47]} Qd7 {[%clk 0:41:16]} 29. f5 {[%clk 0:30:25]} Kg7
{[%clk 0:35:40]} 30. Qc2 {[%clk 0:28:25]} Be5 {[%clk 0:34:59]} 31. Bxe5+
{[%clk 0:23:20]} dxe5 {[%clk 0:35:22]} 32. f6+ {[%clk 0:23:36]} Kh8
{[%clk 0:34:43]} 33. Nxg6+ {[%clk 0:23:29]} Kg8 {[%clk 0:35:08]} 34. Nxe7+
{[%clk 0:23:06]} Kh8 {[%clk 0:35:32]} 35. Rh1 {[%clk 0:21:44]} Qb5
{[%clk 0:32:06]} 36. Ng6+ {[%clk 0:15:55]} Kg8 {[%clk 0:32:29]} 37. Nxe5
{[%clk 0:15:40]} Ra7 {[%clk 0:31:38]} 38. Rb1 {[%clk 0:10:31]} Qa5
{[%clk 0:31:53]} 39. Nc6 {[%clk 0:09:59]} Bf5 {[%clk 0:31:52]} 40. Qxf5
{[%clk 0:09:08]} Qd2+ {[%clk 0:32:16]} 41. Kf3 {[%clk 0:09:08]} Raf7
{[%clk 0:31:12]} 42. Rbd1 {[%clk 0:08:39]} Qxa2 {[%clk 0:31:29]} 43. Ne5
{[%clk 0:08:19]} Rg7 {[%clk 0:30:31]} 44. g6 {[%clk 0:07:46]} 1-0

[Event "I mi?dzynarodowy turniej szachowy"]
[Site "Jastrzebie-Zdroj"]
[Date "2018.08.23"]
[Round "7.12"]
[White "Oborski, Artur"]
[Black "Piechota, Kamil"]
[Result "1/2-1/2"]
[BlackElo "1505"]
[WhiteElo "1988"]
[LiveChessVersion "1.4.8"]

1. e4 {[%clk 1:30:57]} e5 {[%clk 1:30:56]} 2. Nf3 {[%clk 1:31:15]} Nc6
{[%clk 1:31:21]} 3. Bb5 {[%clk 1:31:32]} a6 {[%clk 1:31:35]} 4. Ba4
{[%clk 1:31:53]} Nf6 {[%clk 1:31:52]} 5. O-O {[%clk 1:32:13]} b5 {[%clk 1:32:17]}
6. Bb3 {[%clk 1:32:32]} Bc5 {[%clk 1:32:32]} 7. d3 {[%clk 1:32:37]} Bb7
{[%clk 1:32:44]} 8. Nc3 {[%clk 1:32:31]} d6 {[%clk 1:28:38]} 9. a4 b4
{[%clk 1:25:15]} 10. Ne2 {[%clk 1:33:13]} h6 {[%clk 1:25:18]} 11. c3
{[%clk 1:29:04]} O-O {[%clk 1:22:57]} 12. Ng3 {[%clk 1:17:59]} Re8
{[%clk 1:22:02]} 13. Nf5 {[%clk 1:02:10]} d5 14. Qe2 Na5 {[%clk 1:08:26]} 15. Bc2
{[%clk 1:01:48]} b3 16. Bb1 {[%clk 0:53:44]} Qd7 {[%clk 1:07:44]} 17. N3h4
{[%clk 0:53:44]} Kh7 {[%clk 1:07:07]} 18. Qf3 Qe6 19. Nxg7 {[%clk 0:36:52]} Kxg7
{[%clk 1:01:42]} 20. Nf5+ {[%clk 0:37:28]} Kh7 {[%clk 0:47:52]} 21. Bxh6 Kh8 22.
Ng7 {[%clk 0:24:45]} Qd6 {[%clk 0:44:10]} 23. Nxe8 {[%clk 0:23:49]} Rxe8
{[%clk 0:44:18]} 24. Qg3 {[%clk 0:22:37]} Rg8 {[%clk 0:44:38]} 25. Qh4
{[%clk 0:22:24]} Nh7 {[%clk 0:44:50]} 26. d4 {[%clk 0:22:12]} Qg6
{[%clk 0:36:54]} 27. g3 {[%clk 0:20:53]} Bf8 {[%clk 0:35:45]} 28. Bxf8
{[%clk 0:20:40]} Rxf8 {[%clk 0:36:14]} 29. exd5 {[%clk 0:20:34]} f5
{[%clk 0:36:00]} 30. dxe5 {[%clk 0:19:32]} Bxd5 {[%clk 0:36:11]} 31. Bd3
{[%clk 0:18:31]} Qg5 {[%clk 0:34:54]} 32. Rfe1 {[%clk 0:14:18]} Qxh4
{[%clk 0:34:13]} 33. gxh4 {[%clk 0:14:42]} Bc4 {[%clk 0:34:37]} 34. Bxc4
{[%clk 0:14:04]} Nxc4 {[%clk 0:35:06]} 35. Rad1 {[%clk 0:13:21]} Re8
{[%clk 0:32:34]} 36. f4 {[%clk 0:09:45]} Nf8 {[%clk 0:32:32]} 37. Re2
{[%clk 0:07:45]} Ne6 {[%clk 0:32:16]} 38. Rf2 {[%clk 0:07:36]} Rg8+
{[%clk 0:31:35]} 39. Kh1 {[%clk 0:08:00]} Rg4 {[%clk 0:31:18]} 40. h3
{[%clk 0:05:55]} Rxh4 {[%clk 0:31:06]} 41. Kh2 {[%clk 0:05:58]} Ne3
{[%clk 0:28:27]} 42. Rd7 {[%clk 0:06:05]} Ng4+ {[%clk 0:25:21]} 43. Kg3
{[%clk 0:06:33]} Rxh3+ {[%clk 0:25:42]} 44. Kxh3 {[%clk 0:06:55]} Nxf2+
{[%clk 0:26:10]} 45. Kh4 {[%clk 0:06:09]} Ne4 {[%clk 0:26:15]} 46. Rf7
{[%clk 0:04:51]} Nxf4 {[%clk 0:24:03]} 47. Rxf5 {[%clk 0:05:13]} Nd3
{[%clk 0:23:58]} 48. e6 {[%clk 0:05:28]} Nd6 {[%clk 0:23:26]} 49. Rd5
{[%clk 0:01:11]} Nxb2 {[%clk 0:22:46]} 50. Rxd6 {[%clk 0:01:35]} Kg7
{[%clk 0:22:18]} 51. e7 {[%clk 0:00:56]} Kf7 {[%clk 0:22:31]} 52. Re6
{[%clk 0:01:25]} Ke8 {[%clk 0:22:44]} 53. Re1 {[%clk 0:00:55]} Nxa4
{[%clk 0:22:50]} 54. Kg5 {[%clk 0:01:21]} b2 {[%clk 0:22:14]} 55. Kf6
{[%clk 0:01:43]} Nxc3 {[%clk 0:22:37]} 56. Rh1 {[%clk 0:02:01]} Nd5+
{[%clk 0:22:37]} 57. Ke6 {[%clk 0:02:08]} Nf4+ {[%clk 0:23:04]} 58. Ke5
{[%clk 0:01:15]} Ng6+ {[%clk 0:23:07]} 59. Kf6 {[%clk 0:01:40]} Nxe7
{[%clk 0:23:21]} 60. Re1 {[%clk 0:01:31]} 1/2-1/2

[Event "I mi?dzynarodowy turniej szachowy"]
[Site "Jastrzebie-Zdroj"]
[Date "2018.08.24"]
[Round "8.1"]
[White "Smolka, Marcin"]
[Black "Molenda, Marcin"]
[Result "1/2-1/2"]
[BlackElo "2379"]
[WhiteElo "2170"]
[LiveChessVersion "1.4.8"]

1. e4 {[%clk 1:24:37]} c5 {[%clk 1:30:11]} 2. c4 {[%clk 1:24:53]} Nc6
{[%clk 1:30:22]} 3. Ne2 {[%clk 1:25:02]} e6 {[%clk 1:29:41]} 4. Nbc3
{[%clk 1:24:56]} Nf6 {[%clk 1:29:38]} 5. d3 {[%clk 1:24:35]} Be7 {[%clk 1:11:13]}
6. g3 {[%clk 1:13:18]} h5 {[%clk 1:01:30]} 7. h3 {[%clk 0:58:34]} a6
{[%clk 0:38:25]} 8. Bg2 {[%clk 0:56:48]} Qc7 {[%clk 0:37:46]} 9. Be3
{[%clk 0:55:01]} d6 {[%clk 0:37:50]} 10. Rc1 {[%clk 0:52:32]} Rb8
{[%clk 0:34:38]} 1/2-1/2

[Event "I mi?dzynarodowy turniej szachowy"]
[Site "Jastrzebie-Zdroj"]
[Date "2018.08.24"]
[Round "8.2"]
[White "Czerw, Dawid"]
[Black "Helis, Tadeusz"]
[Result "1/2-1/2"]
[BlackElo "2166"]
[WhiteElo "2254"]
[LiveChessVersion "1.4.8"]

1. d4 {[%clk 1:30:57]} Nf6 {[%clk 1:30:54]} 2. c4 {[%clk 1:31:23]} g6
{[%clk 1:31:18]} 3. Nc3 {[%clk 1:31:50]} Bg7 {[%clk 1:31:42]} 4. e4
{[%clk 1:32:17]} d6 {[%clk 1:32:01]} 5. Be2 {[%clk 1:32:42]} O-O {[%clk 1:32:22]}
6. Nf3 {[%clk 1:33:09]} Nbd7 {[%clk 1:30:29]} 7. O-O {[%clk 1:32:55]} e5
{[%clk 1:30:56]} 8. Be3 {[%clk 1:32:39]} Ng4 {[%clk 1:28:46]} 9. Bg5
{[%clk 1:33:01]} f6 {[%clk 1:29:12]} 10. Bc1 {[%clk 1:25:16]} Nh6
{[%clk 1:29:12]} 11. d5 {[%clk 1:20:39]} a5 {[%clk 1:26:45]} 12. Ne1
{[%clk 1:17:56]} f5 {[%clk 1:25:24]} 13. exf5 {[%clk 1:11:23]} gxf5
{[%clk 1:22:48]} 14. f4 {[%clk 1:10:19]} Nc5 {[%clk 1:22:33]} 15. fxe5
{[%clk 0:59:58]} dxe5 {[%clk 1:19:51]} 16. Be3 {[%clk 0:59:38]} Qe7
{[%clk 1:19:24]} 17. Nd3 {[%clk 0:53:21]} Nxd3 {[%clk 1:18:28]} 18. Qxd3
{[%clk 0:51:08]} Bd7 {[%clk 1:02:20]} 19. Rae1 {[%clk 0:48:54]} Rae8
{[%clk 0:52:15]} 20. Bd1 {[%clk 0:44:54]} Qh4 {[%clk 0:50:56]} 21. Qd2
{[%clk 0:38:14]} Ng4 {[%clk 0:48:22]} 22. Bxg4 {[%clk 0:29:46]} Qxg4
{[%clk 0:48:36]} 23. Qe2 {[%clk 0:27:12]} Qg6 {[%clk 0:45:10]} 24. Qd3
{[%clk 0:26:43]} Qg4 {[%clk 0:45:01]} 25. Rf3 {[%clk 0:26:43]} 1/2-1/2

[Event "I mi?dzynarodowy turniej szachowy"]
[Site "Jastrzebie-Zdroj"]
[Date "2018.08.24"]
[Round "8.3"]
[White "Bakalarz, Mietek"]
[Black "Poley, Vladimir"]
[Result "0-1"]
[BlackElo "2257"]
[WhiteElo "2289"]
[LiveChessVersion "1.4.8"]

1. e4 {[%clk 1:30:58]} g6 {[%clk 1:30:45]} 2. d4 {[%clk 1:31:21]} Bg7
{[%clk 1:31:09]} 3. Nc3 {[%clk 1:31:44]} c6 {[%clk 1:31:36]} 4. Bc4
{[%clk 1:30:13]} d5 {[%clk 1:31:08]} 5. exd5 {[%clk 1:30:36]} b5 {[%clk 1:31:35]}
6. Bb3 {[%clk 1:26:28]} b4 {[%clk 1:31:59]} 7. Nce2 {[%clk 1:21:01]} cxd5
{[%clk 1:32:23]} 8. a3 {[%clk 1:21:26]} bxa3 {[%clk 1:32:46]} 9. Rxa3
{[%clk 1:21:51]} Nf6 {[%clk 1:33:08]} 10. Nf3 {[%clk 1:21:00]} O-O
{[%clk 1:33:25]} 11. O-O {[%clk 1:20:40]} e6 {[%clk 1:32:50]} 12. Ne5
{[%clk 1:10:34]} Nfd7 {[%clk 1:25:03]} 13. Nxd7 {[%clk 1:06:41]} Bxd7
{[%clk 1:25:06]} 14. Ba4 {[%clk 0:49:19]} Bxa4 {[%clk 1:22:42]} 15. Rxa4
{[%clk 0:49:44]} Qb6 {[%clk 1:22:53]} 16. b3 {[%clk 0:46:36]} Rc8
{[%clk 1:22:38]} 17. Qd3 {[%clk 0:43:58]} Nd7 {[%clk 1:19:30]} 18. Bd2
{[%clk 0:38:06]} e5 {[%clk 1:13:06]} 19. Nc3 {[%clk 0:32:26]} exd4
{[%clk 1:03:19]} 20. Nxd5 {[%clk 0:32:47]} Qd6 {[%clk 1:01:33]} 21. Ra5
{[%clk 0:26:50]} Ne5 {[%clk 0:57:19]} 22. Qe4 {[%clk 0:21:29]} f5
{[%clk 0:47:53]} 23. Qh4 {[%clk 0:21:13]} Rxc2 {[%clk 0:44:30]} 24. Bf4
{[%clk 0:11:43]} Re8 {[%clk 0:39:33]} 25. h3 {[%clk 0:10:03]} Re2
{[%clk 0:35:32]} 26. Rd1 {[%clk 0:08:44]} a6 {[%clk 0:19:29]} 27. Rxd4
{[%clk 0:06:46]} h6 {[%clk 0:18:29]} 28. Rd1 {[%clk 0:06:51]} Qb8
{[%clk 0:12:25]} 29. b4 {[%clk 0:06:35]} g5 {[%clk 0:12:07]} 30. Qh5
{[%clk 0:04:56]} Re4 {[%clk 0:10:32]} 31. Be3 {[%clk 0:01:48]} Rh4
{[%clk 0:06:59]} 32. Qe2 {[%clk 0:01:52]} f4 {[%clk 0:06:53]} 33. Bc5
{[%clk 0:00:53]} f3 {[%clk 0:05:55]} 34. Qxa6 {[%clk 0:00:55]} fxg2
{[%clk 0:03:03]} 35. Nf6+ {[%clk 0:00:50]} Kh8 {[%clk 0:02:33]} 36. Ra3
{[%clk 0:01:14]} Rd8 {[%clk 0:01:21]} 37. Nd5 {[%clk 0:00:51]} g4
{[%clk 0:01:12]} 38. Kxg2 {[%clk 0:00:54]} gxh3+ {[%clk 0:00:59]} 39. Rxh3
{[%clk 0:01:21]} Rxh3 {[%clk 0:01:07]} 40. Kxh3 {[%clk 0:01:48]} Nf3
{[%clk 0:00:50]} 41. Kg2 {[%clk 0:00:42]} Nh4+ {[%clk 0:00:39]} 42. Kf1
{[%clk 0:00:34]} Qh2 {[%clk 0:00:47]} 43. Qe6 {[%clk 0:01:00]} Qh1+
{[%clk 0:00:51]} 44. Ke2 {[%clk 0:01:28]} Qf3+ 0-1

[Event "I mi?dzynarodowy turniej szachowy"]
[Site "Jastrzebie-Zdroj"]
[Date "2018.08.24"]
[Round "8.4"]
[White "Wiecek, Pawel"]
[Black "Raszka, Janusz"]
[Result "1/2-1/2"]
[BlackElo "2140"]
[WhiteElo "1910"]
[LiveChessVersion "1.4.8"]

1. d4 {[%clk 1:30:37]} d5 {[%clk 1:30:51]} 2. g3 {[%clk 1:30:58]} Nf6
{[%clk 1:31:08]} 3. Bg2 {[%clk 1:31:15]} e6 {[%clk 1:31:12]} 4. Nf3
{[%clk 1:31:32]} c5 {[%clk 1:31:20]} 5. O-O {[%clk 1:31:07]} Nc6 {[%clk 1:31:39]}
6. b3 {[%clk 1:29:26]} cxd4 {[%clk 1:30:49]} 7. Nxd4 {[%clk 1:29:37]} Bc5
{[%clk 1:26:44]} 8. Bb2 {[%clk 1:26:01]} O-O {[%clk 1:26:51]} 9. c4
{[%clk 1:24:13]} Bd7 {[%clk 1:24:54]} 10. cxd5 {[%clk 1:23:27]} Nxd5
{[%clk 1:25:03]} 11. Nxc6 {[%clk 1:22:17]} Bxc6 {[%clk 1:25:21]} 12. e4
{[%clk 1:19:53]} Nf6 {[%clk 1:21:09]} 13. Qc2 {[%clk 1:16:31]} Qe7
{[%clk 1:21:14]} 14. Nc3 {[%clk 1:11:58]} Rac8 {[%clk 1:21:22]} 15. Qe2
{[%clk 1:09:14]} a6 {[%clk 1:18:11]} 16. e5 {[%clk 1:02:28]} Nd5 {[%clk 1:13:45]}
17. Nxd5 {[%clk 1:01:55]} Bxd5 {[%clk 1:13:27]} 18. Bxd5 {[%clk 1:01:59]} exd5
{[%clk 1:13:49]} 19. Rad1 {[%clk 0:58:21]} Rfd8 {[%clk 1:14:07]} 20. Kg2
{[%clk 0:54:39]} Qe6 {[%clk 1:12:51]} 21. f4 {[%clk 0:52:49]} f5 {[%clk 1:12:49]}
22. Bd4 {[%clk 0:50:20]} Be7 {[%clk 1:08:06]} 23. Rc1 {[%clk 0:47:29]} Rc6
{[%clk 1:08:24]} 24. Rxc6 {[%clk 0:39:37]} Qxc6 {[%clk 1:08:43]} 25. Rf3
{[%clk 0:39:47]} Rc8 {[%clk 0:57:17]} 26. Rc3 {[%clk 0:39:51]} Qe6
{[%clk 0:57:32]} 27. Rxc8+ {[%clk 0:37:08]} Qxc8 {[%clk 0:57:52]} 28. e6
{[%clk 0:37:06]} Qc7 {[%clk 0:57:52]} 29. Qd3 {[%clk 0:28:12]} g6
{[%clk 0:58:06]} 30. Bb2 {[%clk 0:28:08]} Qc5 {[%clk 0:52:56]} 31. Bd4
{[%clk 0:23:14]} Qd6 {[%clk 0:51:04]} 32. Qe2 {[%clk 0:21:23]} Kf8
{[%clk 0:51:00]} 33. b4 {[%clk 0:18:04]} Ke8 {[%clk 0:50:48]} 34. Bc5
{[%clk 0:12:30]} Qc7 {[%clk 0:50:37]} 35. Qb2 {[%clk 0:11:07]} Bxc5
{[%clk 0:49:23]} 36. bxc5 {[%clk 0:11:30]} d4 {[%clk 0:45:17]} 37. Qxd4
{[%clk 0:11:07]} Qc6+ {[%clk 0:45:38]} 38. Kh3 {[%clk 0:11:22]} Qxe6
{[%clk 0:45:51]} 39. Qh8+ {[%clk 0:11:39]} Kd7 {[%clk 0:46:10]} 40. Qxh7+
{[%clk 0:10:48]} Kc6 {[%clk 0:46:27]} 41. a4 {[%clk 0:10:36]} Qf6
{[%clk 0:46:04]} 42. Kg2 {[%clk 0:06:26]} a5 {[%clk 0:40:58]} 43. Kh3
{[%clk 0:05:59]} g5 {[%clk 0:39:28]} 44. fxg5 {[%clk 0:06:06]} Qxg5
{[%clk 0:39:47]} 45. Qh4 {[%clk 0:03:47]} Qg7 {[%clk 0:39:55]} 46. Qc4
{[%clk 0:02:59]} Qh6+ {[%clk 0:35:17]} 47. Kg2 {[%clk 0:03:20]} Qd2+
{[%clk 0:35:39]} 48. Kf3 {[%clk 0:03:15]} Qd1+ {[%clk 0:35:25]} 49. Kf2
{[%clk 0:03:01]} Qd2+ {[%clk 0:35:12]} 50. Kf3 {[%clk 0:02:37]} Qd1+
{[%clk 0:35:18]} 51. Ke3 {[%clk 0:02:22]} Qg1+ {[%clk 0:32:51]} 52. Kf4
{[%clk 0:02:04]} Qf2+ {[%clk 0:32:55]} 53. Kg5 {[%clk 0:02:13]} Qxh2
{[%clk 0:32:19]} 54. Qb5+ {[%clk 0:02:27]} Kd5 {[%clk 0:24:35]} 55. Qxb7+
{[%clk 0:01:28]} Kxc5 {[%clk 0:24:52]} 56. Qb5+ {[%clk 0:01:53]} Kd4
{[%clk 0:23:25]} 57. Qb6+ {[%clk 0:02:04]} Kc4 {[%clk 0:23:39]} 58. Qb5+
{[%clk 0:02:00]} Kd4 {[%clk 0:23:57]} 59. Qd7+ {[%clk 0:01:49]} Kc4
{[%clk 0:24:11]} 60. Qc6+ {[%clk 0:01:20]} Kb4 {[%clk 0:24:25]} 61. Qb5+
{[%clk 0:01:28]} Ka3 {[%clk 0:24:22]} 1/2-1/2